Sports Quiz

Random Sports or Baseball Quiz

MLB - A very, very short season (since 1980) Quiz Stats

 Plays Quiz not verified by Sporcle

Score 0/73 Timer 12:00
0 Plays Today
Year (team) Player % Correct
2009 (ARI)Brandon Webb
75.4%
2006, 2007 (BAL)Jim Johnson
74.6%
2007 (STL)Chris Carpenter
70.5%
2005 (CLE)Juan Gonzalez
70.5%
2006 (TEX)R.A. Dickey
68%
2008 (SFG)J.T. Snow
67.2%
2005 (CHC)Geovany Soto
67.2%
1997 (BOS)Jason Varitek
66.4%
1995 (NYY)Jorge Posada
64.8%
2009 (NYY)Ian Kennedy
61.5%
1995 (HOU)Billy Wagner
61.5%
2007 (NYM)Chan Ho Park
59.8%
1999 (TBD)Julio Franco
59.8%
1997 (MIN)Torii Hunter
59%
1998 (SDP)Ben Davis
55.7%
1996 (FLA)Livan Hernandez
54.9%
1986 (TEX)Kevin Brown
54.9%
2004 (ARI)Shane Reynolds
52.5%
1988 (SDP)Sandy Alomar Jr.
50%
2011 (LAA)Scott Kazmir
47.5%
1985 (NYM)Randy Myers
45.1%
1995 (FLA)Bryan Harvey
44.3%
1992 (TOR)Al Leiter
44.3%
1999 (MON)Tony Armas Jr.
42.6%
1997 (HOU)Sid Fernandez
42.6%
1980 (BAL)Mike Boddicker
41.8%
1989 (TEX)Wilson Alvarez
40.2%
2000 (FLA)Jason Grilli
39.3%
2000 (TBD)Juan Guzman
39.3%
2004 (MIL)Corey Hart
38.5%
1991 (BOS)Eric Wedge
35.2%
1988 (NYY)Chris Chambliss
35.2%
2013 (LAA)Matt Shoemaker
34.4%
2012 (SFG)Yusmeiro Petit
34.4%
2007 (PHI)J.A. Happ
32.8%
2003 (PHI)Ryan Madson
32.8%
1997 (ANA)Randy Velarde
32%
Year (team) Player % Correct
1991 (OAK)Todd Van Poppel
32%
2005 (CLE)Jeremy Guthrie
30.3%
2004 (BAL)Jack Cust
30.3%
1987 (MON)Charlie Lea
29.5%
2009 (LAA)Kelvim Escobar
23.8%
2000 (SDP)Xavier Nady
23.8%
1991 (SDP)Atlee Hammaker
23.8%
1982 (LAD)Manny Mota
23.8%
1980 (PHI)Ozzie Virgil
23.8%
1988 (CHC)Bob Tewksbury
23%
1998 (CLE)Russell Branyan
22.1%
1991 (PIT)Rick Reed
22.1%
1983 (ATL)Bob Walk
22.1%
2001 (CHC)Joe Borowski
21.3%
2012 (NYY)David Aardsma
18.9%
2006 (SDP)Shawn Estes
18%
1989 (PIT)Jim Gott
18%
2013 (TOR)Dave Bush
17.2%
1996 (SEA)Mac Suzuki
16.4%
1996 (LAD)Karim Garcia
16.4%
1983 (NYY)Dave LaRoche
16.4%
2004 (BAL)John Maine
15.6%
2001 (PIT)Billy Taylor
14.8%
1990 (MIN)Chip Hale
14.8%
2000 (TEX)Danny Kolb
13.9%
1999 (MIL)Jeff D’Amico
13.1%
2002 (NYM)Jae Weong Seo
12.3%
1992 (PIT)Miguel Batista
12.3%
2002 (SEA)Ron Wright
11.5%
2001 (DET)Brian Moehler
11.5%
1999 (CHW)Tanyon Sturtze
11.5%
1981 (NYM)Tim Leary
11.5%
2000 (TOR)Josh Phelps
8.2%
2008 (CLE)Jason Tyner
7.4%
1994 (CLE)Julian Tavarez
7.4%
1989 (CAL)Mike Fetters
4.1%

You're not logged in!

Compare scores with friends on all Sporcle quizzes.
Join for Free
OR
Log In

You Might Also Like...

Show Comments

Extras

Top Quizzes Today


Score Distribution

Your Account Isn't Verified!

In order to create a playlist on Sporcle, you need to verify the email address you used during registration. Go to your Sporcle Settings to finish the process.

Report this User

Report this user for behavior that violates our Community Guidelines.

Details: